Statistiques concernant Carte d'Europe pixélisée vide

Cliquez ici pour prendre le quiz!

Statistiques générales

  • Ce quiz a été pris 317 fois
  • Le résultat moyen est 264 sur 279

Réponses sur la Carte

Les réponses sont colorées sur une échelle allant du rouge au vert en fonction du pourcentage des utilisateurs qui les ont devinées à leur premier essai. Vous pouvez retrouver ces pourcentages ci-dessous.
 

Statistiques - réponses

Pays% Correct
France
100%
Espagne
97%
Ukraine / Russie
97%
Allemagne
96%
Italie
96%
Norvège
96%
Russie
96%
Suède
96%
Finlande
95%
Pologne
95%
Portugal
95%
Grèce
94%
Royaume-Uni
94%
Ukraine
94%
Estonie
93%
Roumanie
93%
Suisse
93%
Autriche
92%
Biélorussie
92%
Slovaquie
92%
Belgique
91%
Irlande
91%
Lettonie
91%
Lituanie
91%
Hongrie
90%
Pays-Bas
90%
Slovénie
90%
Islande
89%
Croatie
88%
Danemark
88%
République tchèque
88%
Bulgarie
87%
Serbie
87%
Bosnie-Herzégovine
84%
Moldavie
81%
Kosovo
80%
Monténégro
75%

Distribution des résultats

Percentile par nombre de réponses

% des personnes avec chaque résultat

Votre développement - résultats

Vous n’avez pas pris ce quiz